NFL WR's 200+ Receiving yard games - Statistics

General Stats
  • This quiz has been taken 49 times
  • The average score is 21 of 25
Answer Stats
Year Team Opp. Team Answer % Correct
2023 Cowboys Lions Ceedee Lamb
100%
2024 Bengals Ravens Ja'Marr Chase
100%
2022 Bengals Chiefs Ja'Marr Chase
100%
2021 Bengals Ravens Ja'Marr Chase
100%
2023 Buccaneers Panthers Mike Evans
100%
2022 Vikings Lions Justin Jefferson
98%
2023 Dolphins Chargers Tyreek Hill
98%
2020 Chiefs Buccaneers Tyreek Hill
98%
2019 Rams Bengals Cooper Kupp
93%
2018 Chiefs Rams Tyreek Hill
90%
2017 Steelers Ravens Antonio Brown
88%
2017 Falcons Buccaneers Julio Jones
88%
2021 Packers Bengals Davante Adams
86%
2023 Chargers Vikings Keenan Allen
86%
2024 Browns Broncos Jerry Jeudy
83%
2018 Saints Rams Michael Thomas
83%
2023 Bears Commanders DJ Moore
79%
2023 Browns Texans Amari Cooper
76%
2017 Texans Seahawks DeAndre Hopkins
76%
2020 Seahawks Cardinals Tyler Lockett
76%
2016 Vikings Packers Adam Thielen
67%
2019 Cowboys Packers Amari Cooper
67%
2018 Cowboys Eagles Amari Cooper
67%
2017 Raiders Chiefs Amari Cooper
64%
2019 Texans Falcons Will Fuller
36%
No matching quizzes found
Score Distribution
Percent of People with Each Score
Percentile by Number Answered
Your Score History
You have not taken this quiz